| 000 | 00868nam a2200217 a 4500 | ||
|---|---|---|---|
| 001 | 4128 | ||
| 005 | 20140414131848.0 | ||
| 008 | 090209s19uu xx 00 eng d | ||
| 020 | _a0-7368-1305-5 | ||
| 050 |
_aM 393.3 _bW64 2003 |
||
| 100 | _aWilcox, Charlotte | ||
| 245 |
_aAnimal mummies : _cby Charlotte Wilcox. _bpreserved through the ages / |
||
| 260 |
_aMankato, Minnesota : _bCapstone Press, _cc2003. |
||
| 300 | _a32 p. : col., ill. cm. | ||
| 440 | _aMummies | ||
| 500 | _aIncludes bibliographical references and index. | ||
| 520 | _aDescribes animal mummies, some of the most famous animal mimmies and where they have been found, how animals are mummified, how scientists study them, and what they can teach us about the past. | ||
| 650 |
_aMummified animals _xJuvenile literature. |
||
| 650 | _aAnimals remains remains (Archeology) | ||
| 999 |
_c110017 _d110017 |
||